| 000 | 00328nam a2200121Ia 4500 | ||
|---|---|---|---|
| 008 | 220204s9999 xx 000 0 und d | ||
| 082 |
_a664.2 _bPET |
||
| 100 | _aPeterson, Nicholas B | ||
| 245 | 0 | _aEdible starches and starch derived syrups | |
| 260 |
_aLondon _bNoyes Data _c1975 |
||
| 650 | _aStarch derived syrups | ||
| 942 | _cBK | ||
| 999 |
_c28229 _d28229 |
||